000 00825nam a2200229 a 4500
001 000019117
005 20240530073919.0
008 100526s2010 dr 000 0 spa d
040 _aDO-SdBNP
_bspa
_cBNPHU
082 _aRD863.5
_bG633n
100 1 _aGómez Guzmán, Tony,
_d1983-
_941139
245 1 3 _aLa noche que murió la esperanza /
_cTony Gómez Guzmán.
260 _aSanto Domingo :
_bImpresos Mayobanex,
_c2010.
300 _a179 p. ;
_c21 cm.
500 _aIncluye referencias bibliográficas y notas al pie de las páginas.
590 _aLa biblioteca posee 3 ajemplares autografiados por el autor.
590 _aInventariado, 2019/VM
650 0 _aNovela dominicana
_9223
650 0 _aLiteratura dominicana.
_967
650 4 _aReligión en la literatura
_91109
910 _aValidado. Control de calidad EMS.
999 _c18635
_d18635